000 00362nam a22001331a 4500
082 _aM3007
_bPAV/E
245 _aM T yude lokangal/
_cby Pavithran A V (com.)
260 _aKottayam:
_bSahitya Pravartaka Co-operative Society,
_c1998.
300 _a143p.
650 _aNovel Malayalam Study
650 _aLiterature Malayalam
650 _aLiterature
942 _cBK
999 _c26272
_d26272